Score 0/17 Timer 05:00
0 Plays Today
Scrambled Word Unscrambled Word % Correct
URREDMMurder
95.9%
DFAUR Fraud
91.3%
OSNARArson
81.1%
TTDINYIE FHTET Identity Theft
79.2%
NONVCOITCIConviction
77.6%
GREYORF Forgery
77%
CTINOUSRTBO FO SCETIJUObstruction of Justice
68.3%
ARENYLCLarceny
64.2%
NEILENTGG HEIMDICO Negligent Homicide
61.4%
Scrambled Word Unscrambled Word % Correct
ICENTEND PXROUESEIndecent Exposure
58.4%
BMZMETEEZENLEmbezzlement
55.2%
ANESIRTIGNR ROEDRRestraining Order
54.3%
TNEOITOXRExtortion
46.4%
Common Bond Found by Combining First Letter of Each Unscrambled WordCriminal Offences
32.5%
TSCOANCRI OSNIESPSOS Narcotics Possession
27.8%
SPNLGIIFOHTShoplifting
24.9%
NORSYACCPIConspiracy
17%
Remove Ads.
Support Sporcle.
Get the best of Sporcle when you Go Orange. This ad-free experience offers more features, more stats, and more fun while also helping to support Sporcle. Thank you for becoming a member.

You're not logged in!

Compare scores with friends on all Sporcle quizzes.
OR
Log In

Show Comments

Extras

Top Quizzes Today


Score Distribution

Your Account Isn't Verified!

In order to create a playlist on Sporcle, you need to verify the email address you used during registration. Go to your Sporcle Settings to finish the process.

Report this User

Report this user for behavior that violates our Community Guidelines.

Details: